Pengantar sosiology pembangunan

Bibliographic Details
Main Author: RAHIMAH Abdul Aziz
Format: Book
Published: Kuala Lumpur : DBP , 1989
Subjects:

MARC

LEADER 00000cam a2200000 7i4500
001 0000000581
005 20000909.0
020 0 0 |a 9836111101 
090 0 0 |a 303.44   |b RAH 1989 
100 0 0 |a RAHIMAH Abdul Aziz 
245 1 0 |a Pengantar sosiology pembangunan   |c Rahimah Abdul Aziz 
260 0 0 |a Kuala Lumpur :   |b DBP ,   |c 1989 
300 |a xv, 237 p. ;   |c 22 cm. 
500 0 0 |a Bibliography: [p. 219-231] and index 
650 0 0 |a Economic development   |x Social aspects 
650 0 0 |a Social change 
999 |a 0000000313   |b Monograph   |c Open Shelf   |e Default branch 
999 |a 0000000314   |b Monograph   |c Open Shelf   |e Default branch